| 000 | 01174 a2200289 4500 | ||
|---|---|---|---|
| 003 | OSt | ||
| 005 | 20180116192332.0 | ||
| 008 | 120210t xxu||||| |||| 00| 0 eng d | ||
| 010 | _a 95155600 | ||
| 020 | _a287686164X | ||
| 020 | _a9780140286809 | ||
| 035 | _a(CStRLIN)NYUG93-B48979 | ||
| 040 | _c0 | ||
| 082 | _a863 | ||
| 100 | 1 | _a Borges, Jorge Luis, | |
| 245 | 1 | 0 |
_aJorge Luis Borges / _cFrançois Taillandier. |
| 260 |
_aParis : _bEditions François Bourin, _cc1993. |
||
| 300 |
_a203, [4] p. of plates : _bill. ; _c21 cm. |
||
| 440 | 0 | _aEcrivain/eÌcrivain | |
| 505 | _a1. A Universal history of inquity (1935) 2. Fiction (1944) 3. Artifices (1944) 3. The Aleph (1949) 4. The Maker (1960) 5. Museum 6. In Praise of Darkness (1969) 7. Brodies Report (1970) 8. The Book of sand (1975) 9. Shakespears memory (19830 ) | ||
| 600 | 1 | 0 |
_aBorges, Jorge Luis, _d1899-1986 _xCriticism and interpretation. |
| 650 | _aShort stories | ||
| 650 | _aMagic realism (Literature) | ||
| 651 |
_aSpanish American fiction _xHistory and criticism _z20th century |
||
| 942 |
_aSADA _cBK _k863 BOR 1993 _2ddc |
||
| 999 |
_c352336 _d352336 |
||